01667pab a2200169 454500008004000000100002700040245007200067260000900139300001500148362001200163520112800175650002601303773003301329909001101362999001901373952010501392180718b2016 xxu||||| |||| 00| 0 eng d aAmsler, Lisa Blomgren  aCollaborative governance: integrating management, politics, and law c2016 ap.700-711. aSep-Oct aScholars have engaged in an ongoing dialogue about the relationships among management, politics, and law in public administration. Collaborative governance presents new challenges to this dynamic. While scholars have made substantial contributions to our understanding of the design and practice of collaborative governance, others suggest that we lack theory for this emerging body of research. Law is often omitted as a variable. Scholarship generally does not explicitly include collaboration as a public value. This article addresses the dialogue on management, politics, and law with regard to collaborative governance. It provides an overview of the current legal framework for collaborative governance in the United States at the federal, state, and local levels of government and identifies gaps. The institutional analysis and development framework provides a body of theory that incorporates rules and law into research design. The article concludes that future research on collaborative governance should incorporate the legal framework as an important variable and collaboration as a public value. - Reproduced. aPublic administration aPublic Administration Review a112684 c112679d112679 00104070aIIPAbIIPAd2018-07-19hVolume no: 76, Issue no: 5pAR113144r2018-07-19w2018-07-19yAR